Alberdi ante la filosofía y el derecho de gentes /
Guardado en:
| Autor Principal: | |
|---|---|
| Formato: | Libro |
| Idioma: | Undetermined |
| Publicado: |
La Plata :
[s.n.],
1930.
|
| Materias: | |
| Etiquetas: |
Agregar Etiqueta
Sin Etiquetas, Sea el primero en etiquetar este registro!
|
| LEADER | 00526nam a22001575a 4500 | ||
|---|---|---|---|
| 001 | EHU.bham049331 | ||
| 005 | 20111229150114.0 | ||
| 008 | 111229s1930####xx############000#0#und#d | ||
| 100 | 1 | |a Díaz Cisneros, César. | |
| 245 | 0 | 0 | |a Alberdi ante la filosofía y el derecho de gentes / |c César Díaz Cisneros. |
| 260 | |a La Plata : |b [s.n.], |c 1930. | ||
| 300 | |a 60 p. | ||
| 653 | |a Conferencias | ||
| 653 | |a Generación romántica | ||
| 653 | |a Intelectuales argentinos | ||
| 859 | |a AR-BHAM |b BIB. HUMANIDADES - Donacion Lejarraga |h MFN003550 |p 003550.19 | ||
